000 00639nam a2200241Ia 4500
003 OSt
005 20221007074619.0
006 a|||||r|||| 00| 0
007 ta
008 221006b |||||||| |||| 00| 0 eng d
024 _a20,124
037 _cTextual
040 _aFLL
_cFLL
_beng
041 _2eng
_aeng
082 _aXM55:Z2, M7.2
100 _aSethna Jehangir M.J. Au.
_9693014
245 0 _aIndian company law
250 _a10th
260 _aNagpur
_bWadhwa & Comp. India
_c1987
300 _a1196p
_ccm.
942 _hXM55:Z2, M7.2
_cTEXL
_2CC
999 _c1153062
_d1153062